LEADER 01218nam a2200301 a 4500 001 000000137995 003 CaOOAMICUS 005 20140407103701.0 008 140407s2013 it a u000 u ita r 020 $a978-88-8025-950-3 040 $aPUL$bita 082 04$a940.04 245 00$aStoria religiosa degli ebrei di Europa /$ca cura di Luciano Vaccaro. 260 $aMilano :$bCentro Ambrosiano,$c©2013. 300 $a542 p. :$bill. ;$c18 cm 490 1 $aEuropa ricerche ;$v18 504 $aBibliografia in nota. 650 4$aEbrei$zEuropa$xStoria.$0(OLS)http://pul/subject/40428 700 1 $aVaccaro, Luciano.$0(OLS)http://pul/name/8200 830 0$aEuropa ricerche ;$v18.$0(OLS)http://pul/title/55639 850 $aPUL 852 $aPUL$W1$xSL Cons. Gen., Altre Classi 3$y75$m940. 04 VACLU 1$j159060$qDDC 21$B158610$CPULBib$Z2$F158610 $H123758 $82 941 1 $a9 996 $6020$a978-88-8025-950-3$9(OLS)http://pul/number/154976 996 $6082$a940.04$9(OLS)http://pul/classification/1834 996 $6245$aStoria religiosa degli ebrei di Europa$9(OLS)http://pul/title/174729 996 $6260$aMilano :$bCentro Ambrosiano$9(OLS)http://pul/publisher/64424 LEADER 01254nam a2200265 a 4500 001 000000155911 003 CaOOAMICUS 005 20161107130753.0 008 161107s1992 it u000 u eng r 032 $aLibriCat 040 $aPUL$bita 100 1 $aRobinson, Paul F.$0(OLS)http://pul/name/99337 245 14$aThe Carmelite Constitutions of 1357 : $ba critical edition with introduction and notes / $cPaul F. Robinson. 260 $aRomae :$b[s.n.],$c1992. 300 $a202 p. ;$c24 cm. 502 $aDissertatio ad lauream in facultate Iuris Canonici apud Pontificiam Universitatem S. Thomae de Urbe. 1992. 504 $aBibliografia in nota a pič pagina. 610 24$aCarmelitani.$0(OLS)http://pul/subject/7906 710 2 $aPontificia Universitą S. Tommaso.$bFacoltą di diritto canonico.$kTesi.$0(OLS)http://pul/name/82906 850 $aPUL 852 $aPUL$W1$xDP1 Tesi Pon. Univ. S. Tommaso$y44$mTH S.THOM 840$j179065$qTesi$B182231$CPULBib$Z2$F182231 $H71522 $82 941 1 $a16 996 $6245$aThe Carmelite Constitutions of 1357 : $ba critical edition with introduction and notes / $9(OLS)http://pul/title/195558 996 $6260$aRomae :$b[s.n.]$9(OLS)http://pul/publisher/48223